Score 0/16 Timer 03:00
1 Play Today
Scrambled Word Unscrambled Word % Correct
YABBBaby
99.1%
ALPMPalm
95.4%
GNUTTung
83.2%
MELONLemon
80.4%
LEASHShale
61.2%
SEAMESSesame
32.4%
Common word which follows all the words aboveOil
27.2%
ANCOALCanola
15.1%
Scrambled Word Unscrambled Word % Correct
SEANBOYSoybean
13.9%
ACTORSCastor
13.8%
DIMTHINGMidnight
9.4%
DIESELNLinseed
8.9%
TANGHIEHeating
6.9%
INLAMERMineral
5.1%
THENCITYSSynthetic
4.7%
FATTOONESNeatsfoot
1%
Remove Ads.
Support Sporcle.
Get the best of Sporcle when you Go Orange. This ad-free experience offers more features, more stats, and more fun while also helping to support Sporcle. Thank you for becoming a member.

You're not logged in!

Compare scores with friends on all Sporcle quizzes.
OR
Log In

Show Comments

Extras

Top Quizzes Today


Score Distribution

Your Account Isn't Verified!

In order to create a playlist on Sporcle, you need to verify the email address you used during registration. Go to your Sporcle Settings to finish the process.

Report this User

Report this user for behavior that violates our Community Guidelines.

Details: